000 00545nam a2200169 i 4500
001 38665
003 ES-MaACL
007 t|
008 030226s1803 it ||||1| ita d
100 1 _aCalĂ­maco.
_933673
245 1 3 _aLa Chioma di Berenice /
_cpoema di Callimaco tradotto da Valerio Catullo , volgarizzato e illustrato da Ugo Foscolo.
260 _aMilano :
_b[s.n.,
_c1803] (
_fDal Geniotipografico)
300 _a228 p. ;
_c23 cm.
700 1 _aCatulo, Cayo Valerio.
_937089
700 1 _aFoscolo, Ugo.
_951891
852 _aES-MaACL
_jB-4426
999 _c38665
_d38665